Australian States and Territories by HDI - Statistics

General Stats
  • This quiz has been taken 94 times
  • The average score is 7 of 8
Answer Stats
HDI State/territory % Correct
0.988 Australian Capital Territory
90%
0.958 New South Wales
90%
0.954 Victoria
90%
0.973 Western Australia
90%
0.947 Queensland
87%
0.944 Northern Territory
80%
0.935 Tasmania
73%
0.944 South Australia
70%
No matching quizzes found
Score Distribution
Percent of People with Each Score
Percentile by Number Answered
Your Score History
You have not taken this quiz